Movies by First Frame II Quiz Stats

Quiz Updated Oct 4, 2014

Challenge
Share
Tweet
Score 0/25 Timer 07:00
1 Play Today
% Correct
Black Swan
94.3%
The Godfather
83.1%
Juno
66%
Apocalypse Now
65.4%
Raging Bull
62.2%
Gravity
61.4%
The Hunger Games: Catching Fire
58.1%
Fast Five
54.6%
Ferris Bueller's Day Off
46.5%
Hugo
44.1%
Clueless
44%
Rear Window
40.5%
Marie Antoinette
40.3%
% Correct
Out of Africa
39.6%
Watchmen
39.3%
After Earth
39.2%
Monsters, Inc.
38.8%
Star Trek Into Darkness
36.2%
Mean Girls
35.7%
Bye Bye Birdie
31.4%
Flight
31.3%
This Is the End
29.3%
Blade Runner
26.4%
Dazed and Confused
25.1%
Inception
18.6%

You're not logged in!

Compare scores with friends on all Sporcle quizzes.
Sign Up with Email
OR
Log In

You Might Also Like...

Show Comments

Extras

Top Quizzes Today


Score Distribution

Your Account Isn't Verified!

In order to create a playlist on Sporcle, you need to verify the email address you used during registration. Go to your Sporcle Settings to finish the process.